000 00918cab a2200289 4500
001 ABS57571
008 090401t1997 xxu||||| |||| 00| 0 eng d
035 _a(Sirsi) u80932
041 _aeng
100 _aPreece, C.
245 _aWhy are Design & Build clients unhappy?
260 _c1997
350 _a0
490 _aConstruction management
_v3(7) September 1997, 24-25(2)
520 _aThe authors` discuss preliminary findings from their research into D&B client satisfaction levels. Initial results show that clients feel that a lot is lacking from their relationship with contractors.
650 _aCLIENT NEEDS
650 _aCLIENT SATISFACTION
650 _aCONTRACTORS
650 _aD&B
650 _aDESIGN AND BUILD
650 _aRESEARCH
650 _aSUBCONTRACTORS
690 _aBUILDING AND CONSTRUCTION-PROJECTS
700 _aTarawneh, S.
942 _n0
948 _c17/09/1997
999 _c50975
_d50975